<?xml version="1.0" encoding="UTF-8"?>
<record
    xmlns:xsi="http://www.w3.org/2001/XMLSchema-instance"
    xsi:schemaLocation="http://www.loc.gov/MARC21/slim http://www.loc.gov/standards/marcxml/schema/MARC21slim.xsd"
    xmlns="http://www.loc.gov/MARC21/slim">

  <leader>00335    a2200109   4500</leader>
  <controlfield tag="001">ART_17833</controlfield>
  <controlfield tag="005">20260410161700.0</controlfield>
  <controlfield tag="008">260409a                                 </controlfield>
  <datafield tag="245" ind1="1" ind2="0">
    <subfield code="a">Apertura financiera, paridad m&#xF3;vil y tipo de cambio real</subfield>
  </datafield>
  <datafield tag="100" ind1="1" ind2=" ">
    <subfield code="a">Calvo, Guillermo A.</subfield>
  </datafield>
  <datafield tag="773" ind1="0" ind2=" ">
    <subfield code="t">Ensayos Econ&#xF3;micos</subfield>
    <subfield code="g">- N&#xBA; 16 (dic. 1980)</subfield>
    <subfield code="w">REV620</subfield>
  </datafield>
  <datafield tag="999" ind1=" " ind2=" ">
    <subfield code="c">15136</subfield>
    <subfield code="d">15136</subfield>
  </datafield>
</record>
